000 00865nam a22002535i 4500
001 176101
003 ES-MaACL
005 20250819063110.0
008 101216s1962 sp |||| | spa d
080 _a255.2
080 _a1 Platón
100 1 _aRodríguez Adrados, Francisco,
_d1922-2020
_998318
245 1 3 _aEl héroe trágico
_b; El filósofo platónico /
_cFrancisco Rodríguez Adrados.
260 _aMadrid :
_bTaurus,
_cimp. 1962.
300 _a74 p. ;
_c25 cm.
490 1 _aCuadernos de la Fundación Pastor ;
_v6
650 0 4 _aMitología griega.
_915104
650 0 4 _aPlatonismo.
_916132
710 2 _aFundación Pastor de Estudios Clásicos.
_94386
740 3 2 _aEl filósofo platónico.
830 0 _aCuadernos de la Fundación Pastor ;
_v6
_9182742
852 _aES-MaACL
_j2273-F-8
_xOlim P-1029-bis
999 _c176101
_d176101